|
|
|
|
| LEADER |
01036cam a2200265 7i4500 |
| 001 |
0000059312 |
| 005 |
20210727090000.0 |
| 020 |
|
|
|a 9780128112571 (electronic book)
|
| 090 |
0 |
0 |
|a QR389
|b .T46 2018
|
| 100 |
1 |
|
|a Tennant, Paula
|
| 245 |
1 |
0 |
|a Viruses :
|b molecular biology, host interactions, and applications to biotechnology
|c Paula Tennant, Gustavo Fermin, Jerome E. Foster.
|
| 264 |
|
|
|a London:
|b Academic Press,
|c 2018.
|
| 300 |
|
|
|a 1 online resource (375 pages):
|b illustrations, text file, PDF.
|
| 336 |
|
|
|a text
|2 rdacontent
|
| 337 |
|
|
|a computer
|2 rdamedia
|
| 338 |
|
|
|a online resource
|2 rdacarrier
|
| 650 |
|
0 |
|a Virus diseases --
|x Molecular aspects
|
| 650 |
|
0 |
|a Molecular virology
|
| 655 |
|
0 |
|a Electronic books
|
| 700 |
1 |
|
|a Fermin, Gustavo
|
| 700 |
1 |
|
|a Foster, Jerome E.
|
| 856 |
4 |
2 |
|u http://library.unisel.edu.my/web/guest/mylibrary
|
| 997 |
|
|
|a Engineering & Life Sciences, Faculty
|b Science & Biotechnology, Department
|
| 998 |
|
|
|a Bioinformatics, Degree
|
| 999 |
|
|
|a EBO0005900
|b EBOOK
|c EBOOK
|e Electronic resources
|